DEMOCRACY UNDER PRSSURE (Record no. 9843)

MARC details
000 -LEADER
fixed length control field 01087cam a2200337 a 4500
001 - CONTROL NUMBER
control field 3262658
003 - CONTROL NUMBER IDENTIFIER
control field OSt
005 - DATE AND TIME OF LATEST TRANSACTION
control field 20260604175943.0
008 - FIXED-LENGTH DATA ELEMENTS--GENERAL INFORMATION
fixed length control field 810929s1981 nyua b 001 0 eng
010 ## - LIBRARY OF CONGRESS CONTROL NUMBER
LC control number 81080036
020 ## - INTERNATIONAL STANDARD BOOK NUMBER
International Standard Book Number 015517343X
035 ## - SYSTEM CONTROL NUMBER
System control number 3262658
040 ## - CATALOGING SOURCE
Original cataloging agency DLC
Transcribing agency IRDP
Modifying agency DLC
043 ## - GEOGRAPHIC AREA CODE
Geographic area code n-us---
050 00 - LIBRARY OF CONGRESS CALL NUMBER
Classification number JK274
Item number .C73 1981
082 00 - DEWEY DECIMAL CLASSIFICATION NUMBER
Classification number 321.8 CUM
Edition number 19
100 1# - MAIN ENTRY--PERSONAL NAME
Personal name CUMMINGS, MILTON C.
245 10 - TITLE STATEMENT
Title DEMOCRACY UNDER PRSSURE
Remainder of title AN ITRODUCTION TO THE AMERICAN POLITICAL SYSTEM
Statement of responsibility, etc. MILTON C. CUMMINGS AND DAVID WISE
250 ## - EDITION STATEMENT
Edition statement 4th ed.
260 ## - PUBLICATION, DISTRIBUTION, ETC. (IMPRINT)
Place of publication, distribution, etc. NEW YORK:
Name of publisher, distributor, etc. HARCOURT BRACE JOVANOVICH
Date of publication, distribution, etc. c1981.
300 ## - PHYSICAL DESCRIPTION
Extent 689 p. :
Other physical details ill. (some col.) ;
Dimensions 26 cm.
336 ## - CONTENT TYPE
Content type term text
Content type code txt
Source rdacontent
337 ## - MEDIA TYPE
Media type term unmediated
Media type code n
Source rdamedia
338 ## - CARRIER TYPE
Carrier type term volume
Carrier type code nc
Source rdacarrier
504 ## - BIBLIOGRAPHY, ETC. NOTE
Bibliography, etc Includes bibliographies and index.
651 #0 - SUBJECT ADDED ENTRY--GEOGRAPHIC NAME
Geographic name United States
General subdivision Politics and government.
700 1# - ADDED ENTRY--PERSONAL NAME
Personal name Wise, David,
Dates associated with a name 1930-2018.
906 ## - LOCAL DATA ELEMENT F, LDF (RLIN)
a 7
b cbc
c orignew
d 2
e opcn
f 19
g y-gencatlg
942 ## - ADDED ENTRY ELEMENTS (KOHA)
Source of classification or shelving scheme Dewey Decimal Classification
Koha item type BOOKS
Holdings
Withdrawn status Lost status Source of classification or shelving scheme Damaged status Not for loan Home library Current library Date acquired Total Checkouts Full call number Barcode Date last seen Price effective from Koha item type
    Dewey Decimal Classification     Dodoma Dodoma 04/06/2026   321.8 CUM LIB003057 04/06/2026 04/06/2026 BOOKS

IRDP © 2021 :: Managed by ICT Team